Sports Quiz

Random Sports or Football Quiz

NFL Starting QBs (Denver Broncos) Quiz Stats

Quiz Updated Jan 5, 2018

Challenge
Share
Tweet
Embed
Score 0/15 Timer 04:00
2 Plays Today
Starts Player % Correct
57Peyton Manning
97.2%
14Tim Tebow
88.8%
37Jay Cutler
81.9%
33Kyle Orton
80%
54Jake Plummer
77.8%
11Brock Osweiler
76.4%
4Paxton Lynch
71.5%
24Trevor Siemian
70.1%
Starts Player % Correct
51Brian Griese
52.7%
1Jarious Jackson
15.2%
7Gus Frerotte
14.4%
1Chris Simms
13.9%
5Steve Beuerlein
9.4%
3Chris Miller
7.5%
2Danny Kanell
7.1%

You're not logged in!

Compare scores with friends on all Sporcle quizzes.
Sign Up with Email
OR
Log In

You Might Also Like...

Show Comments

Extras

Top Quizzes Today


Score Distribution

Your Account Isn't Verified!

In order to create a playlist on Sporcle, you need to verify the email address you used during registration. Go to your Sporcle Settings to finish the process.